Gaming Quiz

Random Gaming or Card Games Quiz
Score 0/30 Timer 04:00
9 Plays Today
% Correct
Which board game features
the Licorice Castle and
Peanut Brittle House?
100%
Which version of poker
includes the flop, the turn,
and the river?
100%
Inky, Pinky, Blinky, and
Clyde chase which titular
arcade game character?
100%
According to the rules,
which suspect takes the
first turn in Clue(do)?
100%
What kind of creature is
Yoshi of the Nintendo
series?
100%
What toy gets its name
from the Danish for
'play well'?
94.3%
Which board game includes
the mascot 'Rich Uncle
Pennybags'?
90.4%
Which Pokemon evolves
into Espeon, Jolteon,
Flareon, and 5 others?
89.8%
Pac-Man
88.7%
What is the name of the
Special Cup's final course
in all Mario Kart games?
86.2%
Which Sony console sold
over 155 million units
since its release in 2000?
84.8%
In blackjack, what term
describes a hand that
exceeds 21?
81.2%
Which category is
represented by the yellow
wedge in Trivial Pursuit?
80.8%
Texas Hold 'Em
79.8%
What is the name of the AI
computer system in the
video game Portal?
79%
% Correct
Candy Land
78.3%
Monopoly
77.9%
In Hearts, which card (and
suit) carries a value of
13 points?
77.2%
Dinosaur
75.9%
PlayStation 2
73.3%
Lego
71.9%
Bust
69.5%
History
68.7%
Eevee
65.9%
Rainbow Road
65%
Miss Scarlet
62%
What toy from 1960 uses
aluminum powder
to create images?
61%
GLaDOS
56.5%
Queen of Spades
56.1%
Etch A Sketch
50.6%
Remove Ads.
Support Sporcle.
Get the best of Sporcle when you Go Orange. This ad-free experience offers more features, more stats, and more fun while also helping to support Sporcle. Thank you for becoming a member.

You're not logged in!

Compare scores with friends on all Sporcle quizzes.
OR
Log In

Show Comments

Extras

Top Quizzes Today


Score Distribution

Your Account Isn't Verified!

In order to create a playlist on Sporcle, you need to verify the email address you used during registration. Go to your Sporcle Settings to finish the process.

Report this User

Report this user for behavior that violates our Community Guidelines.

Details: